000 00377nam a22001577a 4500
003 MPLRDC
005 20220104142802.0
008 210129b ||||| |||| 00| 0 eng d
082 _a051.4 K1KC-2 1908-1978*
100 _a坤成学校
245 _a坤成七十年
_c
260 _a
_b坤成学校
_c1978
300 _b
650 _a
942 _cBK
_o051.4 K1KC-2 1908-1978*
999 _c33686
_d33676